Esto dijo el armadillo (Record no. 13570)

MARC details
000 -LEADER
campo de control de longitud fija 02660cac a2200277 a 4500
003 - IDENTIFICADOR DE NÚMERO DE CONTROL
campo de control CO-PeBPM
005 - FECHA Y HORA DE LA ÚLTIMA TRANSACCIÓN
campo de control 20251204113537.0
008 - DATOS DE LONGITUD FIJA--INFORMACIÓN GENERAL
campo de control de longitud fija 231129s2017||||ck a||||||||||||| ||spa||
020 ## - NÚMERO INTERNACIONAL ESTÁNDAR DEL LIBRO
Número Internacional Estándar del Libro 9789587850468
040 ## - FUENTE DE CATALOGACIÓN
Centro catalogador/agencia de origen CO-PeBPM
Lengua de catalogación spa
Centro/agencia transcriptor CO-PeBPM
Normas de descripción rda
041 ## - CÓDIGO DE IDIOMA
Código de lengua del texto/banda sonora o título independiente spa
082 04 - NÚMERO DE LA CLASIFICACIÓN DECIMAL DEWEY
Número de clasificación (i) Co861 E81e
Número de edición 22
110 1# - ENTRADA PRINCIPAL--NOMBRE DE ENTIDAD CORPORATIVA
Nombre de entidad corporativa o nombre de jurisdicción como elemento de entrada Institución Educativa Dos Rí­os. Institución Educativa La Fonda
245 #0 - MENCIÓN DEL TÍTULO
Título Esto dijo el armadillo
Resto del título : Coplas y medicina tradicional
Mención de responsabilidad, etc. / Comunidad Educativa Dos Ríos; ilustraciones María Antonia Castillo
250 ## - MENCION DE EDICION
Mención de edición Edición especial
260 ## - PUBLICACIÓN, DISTRIBUCIÓN, ETC.
Lugar de publicación, distribución, etc. Bogotá, Colombia
Nombre del editor, distribuidor, etc. : Ministerio de Educación Nacional
Fecha de publicación, distribución, etc. , 2017
300 ## - DESCRIPCIÓN FÍSICA
Extensión 43 páginas
Otras características físicas ilustraciones a color
Dimensiones 22 centimetros
490 ## - MENCIÓN DE SERIE
Materiales especificados Plan Nacional de Lectura, Escritura y Oralidad / Ministerio de las Culturas
520 ## - RESUMEN, ETC.
Sumario, etc. El Plan Nacional de Lectura y Escritura «Leer es mi cuento» creó el proyecto<br/>Territorios Narrados como una iniciativa pedagógica que busca fomentar<br/>las competencias en lectura, escritura y oralidad de estudiantes de preescolar,<br/>básica y media en los contextos de la educación indígena propia y la<br/>etnoeducación. El proyecto promueve que las prácticas de lectura y escritura<br/>sean herramientas esenciales para el fortalecimiento de la identidad cultural y<br/>la atención educativa a grupos étnicos desde el Ministerio de Educación Nacional.<br/>De esta manera, a través de espacios de acompañamiento pedagógico,<br/>de intercambio de saberes y de construcción colectiva, se propician diálogos<br/>interculturales. La materialización de este proceso se concreta en la colección<br/>Territorios Narrados, que recopila textos de distinta índole que recrean<br/>la vitalidad cultural de los territorios y expresan la voz de las comunidades.<br/>***<br/>Esto dijo el armadillo es una muestra de textos llenos de la música y el ingenio<br/>que caracterizan a las comunidades afrodescendientes de Patía al contar<br/>su historia, sus tradiciones, su cotidianidad e incluso sus necesidades. Pero<br/>también es un compendio de la sabiduría popular que los ha acompañado<br/>por siglos en el tratamiento de diversos males, a través de la medicina<br/>tradicional. En suma, cantos y plantas medicinales se conjugan en este libro<br/>para dar cuenta de una invaluable tradición afro enclavada entre las imponentes montañas caucanas
650 14 - PUNTO DE ACCESO ADICIONAL DE MATERIA--TÉRMINO DE MATERIA
Término de materia o nombre geográfico como elemento de entrada Poesía folclórica colombiana
Fuente del encabezamiento o término LEMB
650 14 - PUNTO DE ACCESO ADICIONAL DE MATERIA--TÉRMINO DE MATERIA
Término de materia o nombre geográfico como elemento de entrada Literatura folclórica colombiana
Fuente del encabezamiento o término LEMB
650 14 - PUNTO DE ACCESO ADICIONAL DE MATERIA--TÉRMINO DE MATERIA
Término de materia o nombre geográfico como elemento de entrada Folclor negro - Colombia
Fuente del encabezamiento o término LEMB
700 1# - ENTRADA AGREGADA--NOMBRE PERSONAL
Nombre de persona Castillo, María Antonia
Término indicativo de función/relación ilustradora
942 ## - ELEMENTOS DE ENTRADA SECUNDARIOS (KOHA)
Fuente del sistema de clasificación o colocación Clasificación Decimal Dewey
Tipo de ítem Koha Literatura infantil
Holdings
Estatus retirado Estado de pérdida Fuente del sistema de clasificación o colocación Estado de daño No para préstamo Biblioteca de origen Biblioteca actual Fecha de adquisición Total de préstamos Signatura topográfica completa Código de barras Visto por última vez Copia número Precio de reemplazo Tipo de ítem Koha Colección Ubicación en estantería Fuente de adquisición
    Clasificación Decimal Dewey     BIBLIOTECA HUGO ANGEL JARAMILLO BIBLIOTECA HUGO ANGEL JARAMILLO 05/04/2025   Co861.08 E81e 61235 05/04/2025 Ej. 1 05/04/2025 Libros General Colección general Dotación Biblioteca Nacional
    Clasificación Decimal Dewey     BIBLIOTECA PÚBLICA MUNICIPAL RAMON CORREA MEJIA BIBLIOTECA PÚBLICA MUNICIPAL RAMON CORREA MEJIA 15/05/2019   (i) Co861 E81e 42449 29/11/2023 1 29/11/2023 Libros      
    Clasificación Decimal Dewey     BIBLIOTECA SAN JOAQUIN BIBLIOTECA SAN JOAQUIN 04/12/2019   (i) Co861 E81e 63077 04/12/2025 Ej. 1 04/12/2025 Literatura infantil Colección infantil Área de niños Donación Biblioteca Nacional

Powered by Koha